000 00335nam a2200145Ia 4500
005 20251222144716.0
008 251222s9999||||xx |||||||||||||| ||spa||
020 _a9972-40-343-2
082 _a869.565/L87M/2005
100 _aLópez Albújar, Enrique
245 0 _aMatalaché
250 _a18a.ed.
264 _bPEISA
942 _cLIB
999 _c18025
_d18025